Find the Pointless Answer - Statistics

General Stats
  • This quiz has been taken 681 times
  • The average score is 7 of 24
Answer Stats
Hint Answer % Correct
World Cup Winners Uruguay
61%
Uruguay
61%
Black pudding
50%
Seven Dwarfs Doc
49%
Doc
49%
England
46%
Countries of the World Nauru
38%
Bonus pointless answers (these are in the answers above) Nauru
38%
Frag
37%
Mushrooms
37%
France
36%
Bashful
35%
Sneezy
31%
Pi
23%
Syllables from Mary Poppins' Long Word Cious
21%
Cious
21%
Brunei
12%
Twelve Olympians Hephaestus
8%
Hephaestus
8%
Demeter
7%
Kyrgyzstan
7%
Hestia
6%
Ingredients to a Traditional Full English Breakfast Bubble and squeak
4%
Bubble and squeak
4%
No matching quizzes found
Score Distribution
Percent of People with Each Score
Percentile by Number Answered
Your Score History
You have not taken this quiz